| 000 -LEADER |
| fixed length control field |
00569cam a22001457a 4500 |
| 008 - FIXED-LENGTH DATA ELEMENTS--GENERAL INFORMATION |
| fixed length control field |
180718b1961 xxu||||| |||| 00| 0 eng d |
| 082 ## - DEWEY DECIMAL CLASSIFICATION NUMBER |
| Classification number |
T215x54 In2 |
| 245 ## - TITLE STATEMENT |
| Title |
Report of the Oil Price Enquiry Committee, July 1961 |
| Statement of responsibility, etc. |
by Department of Mines and Fuel, Ministry of Steel, Mines and Fuel |
| 260 ## - PUBLICATION, DISTRIBUTION, ETC. |
| Place of publication, distribution, etc. |
Delhi |
| Name of publisher, distributor, etc. |
The Manager of Publications |
| Date of publication, distribution, etc. |
1961 |
| 300 ## - PHYSICAL DESCRIPTION |
| Extent |
121+p. |
| 500 ## - GENERAL NOTE |
| General note |
Chairman: K.R. Damble |
| 700 ## - ADDED ENTRY--PERSONAL NAME |
| Personal name |
India. Ministry of Steel, Mines and Fuel Department of Mines and Fuel |
| 700 ## - ADDED ENTRY--PERSONAL NAME |
| Personal name |
Damble, K.R. (Chairman) |
| 700 ## - ADDED ENTRY--PERSONAL NAME |
| Personal name |
India. Oil Price Enquiry Committee |